Normal view
MARC view
- Kumashiro, Madoka.
Entry Personal Name
001 - CONTROL NUMBER
- control field: 58849
003 - CONTROL NUMBER IDENTIFIER
- control field: OSt
005 - DATE AND TIME OF LATEST TRANSACTION
- control field: 20240822103639.0
008 - FIXED-LENGTH DATA ELEMENTS
- fixed length control field: 240822|| aca||aabn | a|a d
040 ## - CATALOGING SOURCE
- Original cataloging agency: OSt
- Transcribing agency: OSt
100 ## - HEADING--PERSONAL NAME
- Personal name: Kumashiro, Madoka.
- Relator term: author.
670 ## - SOURCE DATA FOUND
- Source citation: Work cat.: (OSt): Carswell, Kathleen L. author. 58848, Creativity and romantic passion /, June 2019.
